000 01368nam a2200253 a 4500
001 39913
003 BD-RjUL
005 20211209053104.0
008 160419b1986 ii a|||| |||| 00| 0 ben d
020 _cTK. 25.00
035 _a(BD-RjUL)40027
040 _aBD-RjUL
_bben
_cBD-RjUL
041 _aben
082 _223
_a891.209
_bGOS 1986
100 _aগোস্বা্মী, শ্রীজয়দেব
_9122945
245 1 0 _a শ্রীশ্রী গীতগোবিন্দম্ /
_cশ্রীজয়দেব গোস্বা্মী ; শ্রীনরহরি দাস-কৃ্ত সুললিত পদ্যানুবাদ ; শ্রীবেণীমাধব শীল সম্পাদিত
260 _aকলিকাতা :
_bঅক্ষয় লাইব্রেরী,
_c১৯৮৬ (১৩৯৩)
300 _a[৪], ১৬৮ পৃ. :
_bচিত্র ;
_c২১ সেমি.
650 _aসংস্কৃত সাহিত্য
_xইতিহাস ও সমালোচনা
_9119695
650 _aSanskrit literature
_xHistory and criticism
_9119696
700 _a দাস-কৃ্ত, শ্রীনরহরি, সুললিত পদ্যানুবাদক
_9122946
700 _aশীল, শ্রীবেণীমাধব, সম্পাদক
_9122947
942 _2ddc
_cBK
999 _c39913
_d39913